00406nam a2200157Ia 4500001000500000005001700005008004100022041000800063082001600071100002600087245008200113260000900195300002800204650000800232654000800240354120260306145651.0260306t2017||||xx |||||||||||||| ||spa|| aESP a288.7bP644 aPhilpott, DanieleAUT 2aA liberalism safe for catholicism?:bperspectives from the review of politics c2017 a585 páginas :c23 cm. aGEN aCHU